| 000 | 00758cam3a220021700 4500 | ||
|---|---|---|---|
| 001 | lcf00374698 | ||
| 003 | DLC | ||
| 005 | 20190830110113.0 | ||
| 008 | 790314s1850 fr b b 000 0afre | ||
| 035 | _a(Sirsi) r69247 | ||
| 050 | 0 | 0 | _aRARE DS709 HUC 1850 |
| 100 | 1 | _aHuc, Evariste Regis, 1813-1860 | |
| 245 | 1 | 0 |
_aSouvenirs d'un voyage dans la Tartarie, le Thibet, et la Chine pendant les annees 1844, 1845 et 1846 2 V/ _cpar M. Huc. |
| 260 |
_aParis : _blibraire. d'Adrien le Clerc, _c1850. |
||
| 500 | _aAuthor's name on t.p. and on spineas M. Huc. | ||
| 504 | _aIncludes bibliographical references. | ||
| 600 | 1 | 0 | _aHuc, Evariste Regis, 1813-1860 |
| 650 | 0 | _aChina -- Description and travel | |
| 949 |
_aDS709 _vVOL. 1 |
||
| 949 |
_aDS709 _vVOL. 2 |
||
| 999 |
_c187872 _d187872 |
||